• 首页
  • 本馆介绍
  • 公告通知
  • 最新文献
  • 馆藏检索
  • 电子资源
  • 读者导购
  • 参考咨询
  • 我的图书馆
  • 登录
  • 详细信息显示
  • 放入我的书架
  • 预约/预借图书
  • 作者相关作品
  • 分类相关作品
  • 丛书相关作品
  • 出版社相关作品

书目信息

  • 表格格式
  • 工作单格式
  • 卡片格式
题名:
发育神经生物学
    
 
作者: 蔡文琴 主编
分册:  
出版信息: 北京   科学出版社  2007
页数: 12,656页
开本: 26cm
丛书名: 生命科学专论
单 册:
中图分类: Q42
科图分类:
主题词: 发育生物学--神经生理学
电子资源:
ISBN: 978-7-03-016833-7
000 00838oam2 2200253 450
001 1574171167
005 20150117203636.95
010    @a978-7-03-016833-7@b精装@dCNY98.00
100    @a20070327d2007 em y0chiy50 ea
101 0  @achi@eeng
102    @aCN@b110000
105    @aa z 000yy
200 1  @a发育神经生物学@9fa yu shen jing sheng wu xue@f蔡文琴主编
210    @a北京@c科学出版社@d2007
215    @a12,656页@c图@d26cm
225 2  @a生命科学专论
300    @a国家科学技术学术著作出版基金
330    @a本书参阅国际上已经出版的相关专著,结合近年来发育神经生物学的进展,重点介绍了神经系统从发育到老化中的有关问题及分子调控与研究方法。
461  0 @12001 @a生命科学专论
606 0  @a发育生物学@x神经生理学
690    @aQ42@v5
701  0 @a蔡文琴@9cai wen qin@4主编
801  0 @aCN@bTSSF@c20150117
905    @aZUCC@dQ42@eJY1
    
    发育神经生物学/蔡文琴主编.-北京:科学出版社,2007
    12,656页:图;26cm.-(生命科学专论)
    国家科学技术学术著作出版基金
    
    ISBN 978-7-03-016833-7(精装):CNY98.00
    本书参阅国际上已经出版的相关专著,结合近年来发育神经生物学的进展,重点介绍了神经系统从发育到老化中的有关问题及分子调控与研究方法。
●
相关链接 在E读中查询图书 在五车中查询图书 在当当中查询图书 在豆瓣中查询图书


正题名:发育神经生物学     索取号:Q42/JY1         预约/预借

序号 登录号 条形码 馆藏地/架位号 状态 备注
1 7853292   278532928   学院路分馆/ [索取号:Q42/JY1] 在馆    
2 7853293   278532937   学院路分馆/ [索取号:Q42/JY1] 在馆    
唐山师范学院图书馆 欢迎您!
大连网信软件有限公司© 版权所有